00967 a2200181 4500003000500000005001700005028000800022040000900030082001300039100002400052245003800076260002800114300001300142505047800155942001200633999001900645952012100664Nust20221219130554.0 b100 cNust a100, EDM aIrwin edman9105208 aPhilosophers HolidaycIrwin Edman aCanadabMacmillanc1956 ax,269p.; aM. Platon (Page-11), Coteries of the Mind (Page-21), The Sailor and the Life of the Spirit (Page-41), An Irishman Among the Brahmins (Page-54), Love Observed in Luxembourg (Page-64), For the Love of Music (Page-75), Soliloquy in Agrigento (Page-89), Encounter with a Nazi (Page-107), Former Students (Page-114), Former Teachers (Page-125), Little Older New York (Page-160), Syrian Sophomores (Page-172), Sane Englishmen (Page-193), The Bomb and the Ivory Tower (Page-249).  2ddccBK c193707d193707 00102ddc4070aMCSbMCScGENd2016-12-12o100,EDMpMCS29578r2016-12-08w2016-12-12yBKzAlmirah No.46, Shelf No.2